header

Globalization and networked societies (Record no. 2830)

MARC details
000 -LEADER
fixed length control field 01276nam a22003134a 4500
082 04 - DEWEY DECIMAL CLASSIFICATION NUMBER
Classification number 307.76/0954
100 1# - MAIN ENTRY--AUTHOR NAME
Personal name Yeung, Yue-man.
245 10 - TITLE STATEMENT
Title Globalization and networked societies
260 ## - PUBLICATION, DISTRIBUTION, ETC. (IMPRINT)
Place of publication Honolulu :
Name of publisher University of Hawai'i Press,
Year of publication c2000.
300 ## - PHYSICAL DESCRIPTION
Number of Pages xvi, 287 p. :
Other physical details maps.
650 #0 - SUBJECT ADDED ENTRY--TOPICAL TERM
Topical Term Urbanization
Topical Term Community development
856 40 - ELECTRONIC LOCATION AND ACCESS
Uniform Resource Identifier http://site.ebrary.com/lib/rucke/Doc?id=5000459

No items available.

© 2026 Rongo University
Contact us: librarian | system librarian | Rongo university